000 00292 a2200145 4500
001 155019
040 _cEscola São Tomás de Aquino
100 _aLEATHER, Sue
240 1 0 _aHacker
_lpor
245 1 0 _aHacker
300 _a38
362 0 _a2011
697 _aLíngua inglesa
942 _cBK
999 _c155019
_d155019